Biathlon Sprintweltcup der Männer 24/25 - Statistiken

Allgemein
  • Dieses Quiz wurde 30 mal gespielt
  • Das Durchschnittsergebnis liegt bei 17 aus 20
Antwortstatistiken
# Biathlet Punkte % Korrekt
1 Johannes Thingnes Boe 432
100%
10 Philipp Nawrath 230
100%
12 Tarjei Boe 192
100%
3 Emilien Jacquelin 325
96%
7 Eric Perrot 250
96%
9 Quentin Fillon Maillet 232
96%
2 Sturla Holm Laegreid 381
96%
15 Endre Stroemsheim 173
92%
16 Philipp Horn 157
92%
6 Sebastian Samuelsson 268
92%
5 Tommaso Giacomel 279
92%
20 Martin Ponsiluoma 146
88%
4 Martin Uldal 284
83%
13 Campbell Wright 183
79%
19 Emilien Claude 146
79%
11 Fabien Claude 211
79%
8 Vebjoern Soerum 234
79%
14 Jakov Fak 178
71%
18 Niklas Hartweg 149
67%
17 Dmytro Pidruchnyi 153
50%
Keine übereinstimmenden Quizze gefunden
Verteilung der Resultate
Anzahl Personen mit jedem Resultat
Perzentil nach korrekt beantworteten Fragen
Ihre Resultats-Entwicklung
Sie haben dieses Quiz noch nicht gespielt